000 00443nam a2200181Ia 4500
001 11770
005 20260306162852.0
008 260306t2023||||xx |||||||||||||| ||spa||
041 _aESP
082 _aHR 150
_bV. 13 N° 2 2023 RP
110 _aUniversidad Católica San Pablo
245 0 _aRevista de Psicología
260 _c2023
300 _a175 páginas :
_c24 cm.
650 _aGEN
654 _aCPS
942 _cREV
_dJUS
_fJUS
_2ddc
_n
999 _c11770
_d11770